| 000 | 00411nam a2200109Ia 4500 | ||
|---|---|---|---|
| 008 | 220620s9999||||xx |||||||||||||| ||und|| | ||
| 100 | _aEsmond, Bill||Atkins, Liz | ||
| 245 | 0 |
_aEducation, Skills and Social Justice in a Polarising World _bBetween Technical Elites and Welfare Vocationalism |
|
| 546 | _aEnglish[eng] | ||
| 650 | _aeducation, elites, justice, social skills, polarizing, welfare, world | ||
| 942 | _cEB | ||
| 999 |
_c24029 _d24029 |
||